ARRUPE JESUIT UNIVERSITY

CORONAVIRUS -STOP THE SPREAD - CLEAN,DISINFECT,COVER

Transforming the frontier : (Record no. 125325)

MARC details
000 -LEADER
fixed length control field 01185cam a22003137i 4500
001 - CONTROL NUMBER
control field 17601534
003 - CONTROL NUMBER IDENTIFIER
control field ARRUPE
005 - DATE AND TIME OF LATEST TRANSACTION
control field 20160926091858.0
008 - FIXED-LENGTH DATA ELEMENTS--GENERAL INFORMATION
fixed length control field 130124s2013 ncuabo b 001 0 eng c
010 ## - LIBRARY OF CONGRESS CONTROL NUMBER
LC control number 2013003133
020 ## - INTERNATIONAL STANDARD BOOK NUMBER
International Standard Book Number 9780822354048 (cloth : alk. paper)
020 ## - INTERNATIONAL STANDARD BOOK NUMBER
International Standard Book Number 9780822354208 (pbk. : alk. paper)
040 ## - CATALOGING SOURCE
Original cataloging agency NcD/DLC
Language of cataloging eng
Transcribing agency NcD
Description conventions rda
042 ## - AUTHENTICATION CODE
Authentication code pcc
043 ## - GEOGRAPHIC AREA CODE
Geographic area code fs-----
050 00 - LIBRARY OF CONGRESS CALL NUMBER
Classification number S934.A356B87 2013
082 00 - DEWEY DECIMAL CLASSIFICATION NUMBER
Classification number 333.720968
Edition number 23
300 ## - PHYSICAL DESCRIPTION
Other physical details illustrations, maps ;
Dimensions 24 cm.
100 1# - MAIN ENTRY--PERSONAL NAME
Personal name Büscher, Bram,
Dates associated with a name 1977-
9 (RLIN) 26121
245 10 - TITLE STATEMENT
Title Transforming the frontier :
Remainder of title peace parks and the politics of neoliberal conservation in southern Africa /
Statement of responsibility, etc Bram Büscher.
260 ## - PUBLICATION, DISTRIBUTION, ETC. (IMPRINT)
Place of publication, distribution, etc Durham
Name of publisher, distributor, etc Duke University Press
Date of publication, distribution, etc 2013
300 ## - PHYSICAL DESCRIPTION
Extent xviii, 290 p.;
650 #0 - SUBJECT ADDED ENTRY--TOPICAL TERM
Topical term or geographic name as entry element Transfrontier conservation areas
Geographic subdivision Africa, Southern.
9 (RLIN) 26122
650 #0 - SUBJECT ADDED ENTRY--TOPICAL TERM
Topical term or geographic name as entry element Biodiversity conservation
Geographic subdivision Africa, Southern.
9 (RLIN) 24968
650 #0 - SUBJECT ADDED ENTRY--TOPICAL TERM
Topical term or geographic name as entry element Ecotourism
Geographic subdivision Africa, Southern.
9 (RLIN) 26123
650 #0 - SUBJECT ADDED ENTRY--TOPICAL TERM
Topical term or geographic name as entry element Neoliberalism
Geographic subdivision Africa, Southern.
9 (RLIN) 26124
906 ## - LOCAL DATA ELEMENT F, LDF (RLIN)
a 7
b cbc
c orignew
d 1
e ecip
f 20
g y-gencatlg
942 ## - ADDED ENTRY ELEMENTS (KOHA)
Source of classification or shelving scheme Library of Congress Classification
Koha item type Monograph ( Printed materials)
Holdings
Withdrawn status Lost status Source of classification or shelving scheme Damaged status Not for loan Collection code Home library Current library Shelving location Date acquired Total Checkouts Full call number Barcode Date last seen Date checked out Price effective from Koha item type
    Library of Congress Classification     Main Collection ARRUPE LIBRARY ARRUPE LIBRARY Main Collection 26/09/2016 1 S934.A356B87 2013 46500010067 10/09/2019 17/10/2016 26/09/2016 Monograph ( Printed materials)

 

Arrupe Library. PO Box MP320 Mt Pleasant, Harare, Zimbabwe
263 242 745411|librarian@aju.ac.zw